| 000 | 00604cam a2200145 4500500 | ||
|---|---|---|---|
| 005 | 20260208005828.0 | ||
| 041 | _afre | ||
| 042 | _adc | ||
| 100 | 1 | 0 |
_aPernot, Denis _eauthor |
| 245 | 0 | 0 | _aGERALDI LEROY, Batailles d’écrivains. Littérature et politique, 1870-1914. Paris, Armand Colin, 2003. Un vol. 16 × 24 de 346 p. |
| 260 | _c2005. | ||
| 500 | _a29 | ||
| 786 | 0 | _nRevue d'histoire littéraire de la France | 105 | 3 | 2005-06-01 | p. 655zzb-764zzb | 0035-2411 | |
| 856 | 4 | 1 | _uhttps://shs.cairn.info/revue-d-histoire-litteraire-de-la-france-2005-3-page-655zzb?lang=fr&redirect-ssocas=7080 |
| 999 |
_c1653988 _d1653988 |
||